000 00642nab a2200217 a 4500
001 69961
003 143906
005 20201118110723.0
008 ||||||n9999 ||| || ||
041 _aspa
245 0 _aSuperintendencia de servicios publicos domiciliarios :
_breestructuracion
260 _aBogotá :
_bLEGI0,
_c1999.
300 _app.431-441
562 _e0
650 _aDECRETO 1165 DE 1999
650 _aREESTRUCTURACIÓN ADMINISTRATIVA
650 _aSERVICIOS PÚBLICOS DOMICILIARIOS
650 _aSUPERINTENDENCIA DE SERVICIOS PUBLICOS
773 _068579
_aLegislación - Tomo 95 No.1124 (1999)
942 _cSART
999 _c69961
_d69961